Héros D.C - Statistiques

Statistiques générales
  • Ce quiz a été pris 283 fois
  • Le résultat moyen est 11 sur 15
Statistiques - réponses
Question Réponse % Correct
Quel héros a un cri d'oiseau ? Black Canary
100%
Quel héros a des rayons X ? Superman
100%
Quel est le vilain le plus détesté par Batman ? Joker
95%
Quel est le nom kryptonien de Superman ? Kal-el
95%
Quel héros est un professeur ? Atom
85%
Quel héros ne se bat qu'avec ses créations ? Green Lantern
85%
Quel est le plus grand adversaire de Superman ? Lex Luthor
85%
Quel héros est mort puis est ressuscité ? Robin
85%
Quel héros a une super force ? Wild Cat
85%
Quel héros est magicien ? Docteur Fate
80%
Quel héros est un robot ? Red Tornado
75%
Quel est le héros thanagarien ? Hawk Girl
70%
Quel est l'enfant le plus sage ? Shazam
45%
Quelle est la femme antique ? Wonder Woman
35%
Quel héros ne fait pas partie de la Justice League ? Hawk Man
25%
Aucun quiz correspondant
Distribution des résultats
% des personnes avec chaque résultat
Percentile par nombre de réponses
Votre historique - résultats
Vous n’avez pas pris ce quiz